00421 2200157 4500001002100000008004100021035002000062245005200082260003000134300002200164020001800186084001400204082000800218650002600226990001100252INLIS000000000001124 ind  a0010-0722000673 aPanduan Pendidikan Anti KorupsicYugha Erlangga aJakarta :bErlanggac2014 a104c14,5 x 21 cm a9786027596610 a370 YUG p a370 aPengajaran Pendidikan aDI.018